HTML : (Record no. 11691)

MARC details
000 -LEADER
fixed length control field 00805cam a22002537a 4500
001 - CONTROL NUMBER
control field 14758648
005 - DATE AND TIME OF LATEST TRANSACTION
control field 20170104143229.0
008 - FIXED-LENGTH DATA ELEMENTS--GENERAL INFORMATION
fixed length control field 070306s2007 maua 001 0 eng d
020 ## - INTERNATIONAL STANDARD BOOK NUMBER
International Standard Book Number 9781423927211 (pbk.)
020 ## - INTERNATIONAL STANDARD BOOK NUMBER
International Standard Book Number 1423927214 (pbk.)
040 ## - CATALOGING SOURCE
Original cataloging agency ILC
Transcribing agency ILC
Modifying agency BAKER
-- YDXCP
-- MUB
-- DLC
082 ## - DEWEY DECIMAL CLASSIFICATION NUMBER
Edition number 21
Classification number 005.72
Item number SHE
100 ## - MAIN ENTRY--PERSONAL NAME
9 (RLIN) 5623
Personal name Shelly, Gary B.
245 00 - TITLE STATEMENT
Title HTML :
Remainder of title Complete concepts and techniques /
Statement of responsibility, etc Gary B. Shelly, Denise M. Woods.
250 ## - EDITION STATEMENT
Edition statement 5th ed.
260 ## - PUBLICATION, DISTRIBUTION, ETC. (IMPRINT)
Place of publication, distribution, etc Boston :
Name of publisher, distributor, etc Course Technology,
Date of publication, distribution, etc c2009.
300 ## - PHYSICAL DESCRIPTION
Extent various p. :
Other physical details col. ill. ;
Dimensions 28 cm.
500 ## - GENERAL NOTE
General note Includes index.
650 #0 - SUBJECT ADDED ENTRY--TOPICAL TERM
Topical term or geographic name as entry element HTML
9 (RLIN) 5624
650 #0 - SUBJECT ADDED ENTRY--TOPICAL TERM
Topical term or geographic name as entry element Web site development.
9 (RLIN) 5625
700 1# - ADDED ENTRY--PERSONAL NAME
Personal name Woods, Denise M.
9 (RLIN) 5626
942 ## - ADDED ENTRY ELEMENTS (KOHA)
Source of classification or shelving scheme Dewey Decimal Classification
Item type Book - Borrowing
Holdings
Withdrawn status Item status Source of classification or shelving scheme Damaged status Not for loan Vendor Home library Current library Shelving location Date acquired Source of acquisition Cost, normal purchase price Serial Enumeration / chronology Total Checkouts Total Renewals Full call number Barcode Date last seen Date last borrowed Koha item type
    Dewey Decimal Classification     Alahram Central Library Central Library Lower Floor 30/05/2009 Purchase 344.00 374 5 10 005.72 SHE 000016546 15/07/2025 22/05/2024 Book - Borrowing